BHARAT KA BHUGOL (Record no. 37572)

MARC details
000 -LEADER
fixed length control field 00388nam a2200169Ia 4500
008 - FIXED-LENGTH DATA ELEMENTS--GENERAL INFORMATION
fixed length control field 200305s9999 xx 000 0 und d
020 ## - INTERNATIONAL STANDARD BOOK NUMBER
International Standard Book Number 978-81-7555-266-1
082 ## - DEWEY DECIMAL CLASSIFICATION NUMBER
Classification number 915.4
082 ## - DEWEY DECIMAL CLASSIFICATION NUMBER
Item number YAB
041 ## - LANGUAGE CODE
Language code of text/sound track or separate title eng
100 ## - MAIN ENTRY--PERSONAL NAME
Personal name YADAV CHANDER SHEKHAR
245 ## - TITLE STATEMENT
Title BHARAT KA BHUGOL
250 ## - EDITION STATEMENT
Edition statement 2008
260 ## - PUBLICATION, DISTRIBUTION, ETC.
Place of publication, distribution, etc. NEW DELHI
Name of publisher, distributor, etc. UNIVERSITY PRESS
300 ## - PHYSICAL DESCRIPTION
Extent 464
650 ## - SUBJECT ADDED ENTRY--TOPICAL TERM
Topical term or geographic name entry element GEOGRAPHY
Holdings
Withdrawn status Lost status Damaged status Not for loan Home library Current library Date acquired Cost, normal purchase price Total Checkouts Total Renewals Full call number Barcode Date due Date last seen Date last checked out Cost, replacement price Price effective from Koha item type
        Chaudhary Ranbir Singh University Chaudhary Ranbir Singh University 05.03.2020 1400.00 23 1 915.4 YAB 10049 13.05.2026 13.04.2026 13.04.2026 1400.00 05.03.2020 Books
        Chaudhary Ranbir Singh University Chaudhary Ranbir Singh University 05.03.2020 1400.00 13   915.4 YAB 10050   26.12.2025 12.12.2025 1400.00 05.03.2020 Books


Copyright © 2025 CRSU. All Rights Reserved.